Derecho del Trabajo y de la Seguridad Social Derecho individual del trabajo y procedimiento laboral / Tomo I

Bibliographic Details
Main Author: Humeres Noguer, Hčtor
Format: eBook
Language:Spanish
Published: [Chile] : Editorial jurd̕ica de Chile, 2009.
Subjects:
Online Access:Acceso restringido

MARC

LEADER 00000nam a22000007a 4500
005 20110826140120.0
008 110826t2009 cl ||||sn||| 001 0 spa d
020 |a 956-10-1944-2  
035 |a 5490 
040 |a vLex 
090 |c 2280  |d 2280 
100 1 |a Humeres Noguer, Hčtor 
245 1 0 |a Derecho del Trabajo y de la Seguridad Social  |b Derecho individual del trabajo y procedimiento laboral /  |c Hčtor Humeres Noguer   |h [Recurso electrn̤ico] :  |p Tomo I 
256 |a Servicio en ln̕ea 
260 |a [Chile] :  |b Editorial jurd̕ica de Chile,  |c 2009. 
506 1 |a Contenido solo disponible en los productos indicados  |d vLex Global  |d vLex Global (Academic Edition, excluding Law Schools)  |d vLex Global (U.S. Academic Edition, Law Schools)  |d vLex Global (U.S. Academic Edition, excluding Law Schools)  |d vLex Global (Academic Edition, Law Schools) 
650 0 4 |a Seguridad social 
650 0 4 |a Derecho del trabajo 
740 0 |a vLex libros (Servicio en ln̕ea) 
856 4 0 |u http://vlex.com/source/derecho-trabajo-seguridad-social-tomo-i-5490  |z Acceso restringido 
942 |c BOOK